000 01899cam a22004694i 4500
003 PE-LiUPU
005 20250731165411.0
008 151022s1996 pe grm 000 0 spa d
035 _a(Sirsi) a155039
040 _aPE-LiUPU
_bspa
_cPE-LiUPU
_erda
099 _aTEF 2
_bP76 1996
100 1 _aPomari Miranda, Sara
_eautor
245 1 _aConocimientos que poseen las enfermeras asistenciales en el manejo de crisis que presentan los pacientes posamputados según influencia de edad, ingreso económico, capacitación H.N.M.A - H.N.H.U., 1995 /
_cSara Pomari Miranda.
264 0 _c1996.
300 _a64 hojas
_c30 cm
336 _atext
_2rdacontent
337 _aunmediated
_2rdamedia
338 _avolume
_2rdacarrier
502 _aTesis
_b(Lic.) --
_cUniversidad Peruana Unión,
_d1996.
504 _aIncluye referencias
520 3 _aEn nuestro medio podemos observar algunas personas que han sufrido amputación por diferentes motivos, unos han logrado reintegrarse a sus actividades por medio del uso de una prótesis, la cual remplaza totalmente al miembro perdido. Otras personas por falta de recursos económicos, se han aferrado al uso de un par de muletas o al no lograr una adecuada curación de la herida, pasaran el resto de su vida en una silla de ruedas.
526 _aSEG44
526 _aSEG26
526 _aP151
526 _aP150
526 _aP149
526 _aP146
526 _aP145
526 _aP126
526 _aP125
526 _aP92
526 _aP75
526 _aP74
526 _aP27
526 _aP15
650 0 4 _aEnfermeras
_xAmputados.
650 0 4 _aAmputados
_xRehabilitación.
700 1 _aYzquierdo Coba, Ylma
_eautor
596 _a1
942 _2ddc
_cTESIS
999 _aTEF 2 P76 1996
_wALPHANUM
_c7729
_iT00323
_lCCODEBUL3
_mBUL
_r1
_sY
_tTESIS
_u2015-10-22
_xSALUD
_PP22
_o.STAFF. Tesis
_d7729
980 _81
_gALBERTO SANCHEZ Responsable de Automatización